Otázky dnešných dní I.

Bibliographic Details
Main Author: Novotný, Anton (Author)
Format: Article
Language:Slovak
PhysicalDescription:Fotogr.
ISSN:1336-0052
Subjects:

MARC

LEADER 00000nab a2200000 ar4500
001 vtls009951540
003 SK-MaSNL
005 20260305025913.0
008 090918c2009 xo |||||||||||000 b|slo
015 |a SNBRB2009/09  |2 snkbucl 
038 |a SNKBUCL 
040 |a SNKBUCL  |b slo  |c SNKBUCL  |e AACR2 
041 0 |a slo 
044 |a xo  |c SK 
080 |a 699.86  |x (437.6)  |2 2001 
080 |a 69:061.43  |2 2001 
245 0 0 |a Otázky dnešných dní  |n I.  |c Anton Novotný 
300 |b Fotogr. 
610 2 7 |a Združenie pre zatepľovanie budov (Slovensko)  |2 snkbucl  |9 852242 
611 2 7 |a CONECO  |n (30. :  |d 2009 :  |c Bratislava, Slovensko)  |2 snkbucl  |9 1038587 
650 0 7 |a tepelná ochrana budov  |2 SNKPH  |9 67166 
650 0 7 |a stavebníctvo  |2 SNKPH  |9 726 
700 1 |a Novotný, Anton  |4 aut  |9 566672 
773 0 |t Stavebná revue In Energo Eco  |g Roč. 4, č. 4-6 (2009), s. 7-9  |x 1336-0052 
852 |a SNK  |b KIS3GCP 
958 |a SK 
999 |c 3308113  |d 3310043